000 00875cam a2200157 4500500
005 20260412000101.0
041 _afre
042 _adc
100 1 0 _aDevaux, Michaël
_eauthor
245 0 0 _aBreves reflexiones sobre el matrimonio según J.R.R. Tolkien
260 _c2026.
500 _a22
520 _aEn diversos escritos, desde una carta a su hijo hasta sus textos sobre las costumbres élficas, pasando por un cuento que evoca un matrimonio infeliz, Tolkien describe el matrimonio tal y como debería haber sido en un mundo no derrotado. Presenta la fidelidad como una relación con el tiempo ajustada al ser amado, en la que la mirada del otro se integra en nuestra experiencia del mundo.
786 0 _nCommunio | 303 | 1 | 2026-02-09 | p. 109-119 | 0338-781X
856 4 1 _uhttps://shs.cairn.info/revista-communio-2026-1-page-109?lang=es&redirect-ssocas=7080
999 _c2209080
_d2209080